000 00604nam a2200205Ia 4500
008 131103s9999 xx 000 0 und d
020 _a019516251X
040 _aLoreto College
041 _aEnglish
082 _a811.08/LEH
_bLCLIB/EngSemLib 698/Xeroxed 200
245 4 _aThe Oxford book of American poetry
_cChosen and edited by David Lehman
260 _aOxford
_bOxford University Press
_c2006
300 _alvii,1132p
_c 20cm
504 _aIncludes index
650 _aAmerican poetry
651 _aPoetry-American
700 _aLehman,David,ed
850 _aLCLIB/811.08/LEH
942 _cBK
999 _c36245
_d86724